| 000 | 01025 a2200205 4500 | ||
|---|---|---|---|
| 001 | 25220 | ||
| 005 | 20260407155536.0 | ||
| 008 | 260407a arg spa d | ||
| 003 | AR-UNSa-BCEJYS | ||
| 040 |
_aAR-UNSa-BCEJYS _bspa _cAR-UNSa-BCEJYS |
||
| 080 |
_a519.2 _xProbabilidades y estadística matemática |
||
| 245 | 1 | 0 | _aEstadística Matemática |
| 264 | 1 |
_aMadrid : _bDossat |
|
| 300 |
_a166 p. _c22 cm. |
||
| 505 | _a1. La estadística como ciencia : axiomas de probabilidad - 2. Distribuciones de probabilidad y frecunecia representación grafica. Cálculo de momentos - 3. Distribuciones de probabilidad especiales - 4. Ajuste practico de curvas con curvas standars - 5. Probabilidad y frecuencia con dos variables - 6. Método de los minimos cuadrados correlación en varias variables.regresión polinómica y armónica - 7. Distribuciones de probabilidad de los coeficientes estadísticos. | ||
| 942 | _cBK | ||
| 590 | _aniveau_biblio:m niveau_hierar:0 | ||
| 100 | 1 | _aAitken, A.C. | |
| 700 | 1 | _aLópez Gali, E. | |
| 999 |
_c1328 _d1328 |
||